Barris de Girona - Statistics

General Stats
  • This quiz has been taken 21 times
  • The average score is 12 of 31
Answer Stats
Barri Sector % Correct
Centre Barri Vell
88%
Montjuïc Montjuïc
82%
Santa Eugènia Santa Eugènia
71%
Est Vila-roja
71%
Est Font de la Pólvora
65%
Mas Xirgu Mas Xirgu
65%
Sud Montilivi
65%
Sud Palau
65%
Oest Germans Sàbat
59%
Est Sant Daniel
59%
Oest Fontajau
53%
Eixample Sant Narcís
47%
Oest Taialà
47%
Santa Eugènia Can Gibert del Pla
41%
Nord Pedret
41%
Sud La Creueta
29%
Nord Pont Major
29%
Sud Avellaneda
24%
Eixample Eixample Nord
24%
Eixample Eixample Sud
24%
Centre Mercadal
24%
Est Torre Gironella
24%
Centre Carme
18%
Nord Muntanya de Campdorà
18%
Est Pedreres
18%
Nord Pla de Campdorà
18%
Oest Sant Ponç
18%
Oest Domeny Nord
12%
Oest Domeny Sud
12%
Est Gavarres
6%
Santa Eugènia Hortes
6%
No matching quizzes found
Score Distribution
Percent of People with Each Score
Percentile by Number Answered
Your Score History
You have not taken this quiz